000 00600nam a2200169 i 4500
001 bg
100 1 _aBUJKO, Jan
245 0 _aKomputeryzacja projektowania przemysłowych urządzeń elektroenergetycznych :
_bzagadnienia integracji algorytmów /
_cJan Bujko.
260 _aWrocław,
_c1979.
490 1 _aPrace Naukowe Instytutu Energoelektrycznego Politechniki Wrocławskiej ;
_v52
830 _aPrace Naukowe Instytutu Energoelektrycznego Politechniki Wrocławskiej ;
040 _cBPK
041 _apol
080 _a621.31:681.322
942 _cKS
008 s pl f |000 0 pol
999 _c18476
_d18476
856 _uhttp://koha.tu.koszalin.pl/cgi-bin/koha/opac-detail.pl?biblionumber=18476
_yKatalog online BPK